Présentation (notice n° 1674112)
[ vue normale ]
| 000 -LEADER | |
|---|---|
| fixed length control field | 01568cam a2200181 4500500 |
| 005 - DATE AND TIME OF LATEST TRANSACTION | |
| control field | 20260301001723.0 |
| 041 ## - LANGUAGE CODE | |
| Language code of text/sound track or separate title | fre |
| 042 ## - AUTHENTICATION CODE | |
| Authentication code | dc |
| 100 10 - MAIN ENTRY--PERSONAL NAME | |
| Personal name | Bourgeois, Didier |
| Relator term | author |
| 245 00 - TITLE STATEMENT | |
| Title | Présentation |
| 260 ## - PUBLICATION, DISTRIBUTION, ETC. | |
| Date of publication, distribution, etc. | 2008.<br/> |
| 500 ## - GENERAL NOTE | |
| General note | 56 |
| 520 ## - SUMMARY, ETC. | |
| Summary, etc. | ⦁ En proposant une réflexion sur le thème des séances courtes en psychanalyse avec les enfants, nous essayons d’interroger l’aspect concernant la fonction du temps dans la technique analytique, plus particulièrement la question de la durée de la séance, et de discuter la pertinence de l’acte du psychanalyste quand il décide de la suspension de la séance. ⦁ La question, dans le cadre de la cure, de la coupure signifiante et de ses effets du niveau du transfert et de l’interprétation, est envisagée ; en ce domaine, le problème que pose l’analyse quand il s’agit de psychose infantile nous a interrogé. ⦁ De manière incidente mais avec insistance est soutenue l’assertion que la pratique des séances courtes, avec l’enfant et l’adolescent, dans une perspective pragmatique, se rattache à la psychanalyse en ce sens que cette pratique utilise des données théoriques de la psychanalyse, et cet élément technique de la cure analytique, fondamental : l’interprétation de la relation transférentielle. |
| 700 10 - ADDED ENTRY--PERSONAL NAME | |
| Personal name | Djeldjli, Nouredine |
| Relator term | author |
| 700 10 - ADDED ENTRY--PERSONAL NAME | |
| Personal name | Hayek, Alexandre |
| Relator term | author |
| 786 0# - DATA SOURCE ENTRY | |
| Note | Psy Cause | 51 | 1 | 2008-01-03 | p. 37-37 | 1245-2394 |
| 856 41 - ELECTRONIC LOCATION AND ACCESS | |
| Uniform Resource Identifier | <a href="https://shs.cairn.info/revue-psy-cause-2008-1-page-37?lang=fr&redirect-ssocas=7080">https://shs.cairn.info/revue-psy-cause-2008-1-page-37?lang=fr&redirect-ssocas=7080</a> |
Pas d'exemplaire disponible.




Réseaux sociaux